| 000 | 00928nam a22002537a 4500 | ||
|---|---|---|---|
| 999 |
_c332271 _d332271 |
||
| 003 | NUST | ||
| 005 | 20171122103612.0 | ||
| 008 | 140509b xxu||||| |||| 00| 0 eng d | ||
| 020 |
_cAvailable _a9780495318705 (paperback) |
||
| 040 |
_aDLC _bDLC _c0 |
||
| 082 | _a907.2 BAR | ||
| 100 |
_aBarzun, Jacques (Jacques Barzun) _9551 |
||
| 245 |
_aThe Modern Researcher / _cJacques (Jacques Barzun) Barzun, Henry F. Graff. |
||
| 250 | _a6th,ed. | ||
| 260 |
_aISLAMABAD : _bNBF, _cc 2003 |
||
| 300 |
_a322p. ; _bill: _c23,cm |
||
| 500 | _aH.B | ||
| 520 | _a | ||
| 538 | _iShelf # 13, Row # 3, Fiction. | ||
| 650 |
_aResearch _9552 |
||
| 700 |
_aGraff, Henry F. _9553 |
||
| 856 |
_3Amazon.com _uhttp://www.amazon.com/exec/obidos/ASIN/0495318701/chopaconline-20 |
||
| 942 |
_2ddc _cFIC _kIESE |
||